| 000 | 00780cam a22002653a 4500 | ||
|---|---|---|---|
| 001 | 118 | ||
| 003 | PGUSA | ||
| 005 | 20140828082944.0 | ||
| 008 | 940301s1994||||xxu|||||s|||||000 | eng d | ||
| 040 |
_aPGUSA _beng |
||
| 042 | _adc | ||
| 050 | 4 | _aTK | |
| 100 | 1 | _aElectronic Frontier Foundation | |
| 245 | 1 | 0 |
_aBig Dummy's Guide to the Internet _h[electronic resource] / _cElectronic Frontier Foundation |
| 260 |
_bProject Gutenberg, _c1994 |
||
| 506 | _aCopyrighted. Read the copyright notice inside this book for details. | ||
| 516 | _aElectronic text | ||
| 653 | _aComputer networks | ||
| 653 | _aInternet | ||
| 700 | 1 | _aGaffin, Adam | |
| 700 | 1 | _aKapor, Mitchell | |
| 830 | 0 |
_aProject Gutenberg _v118 |
|
| 856 | 4 | 0 | _uhttp://www.gutenberg.org/ebooks/118 |
| 942 | _cEB | ||
| 999 |
_c229489 _d229489 |
||